[Event "POL-chT Ekstraliga 2018"]
[Site "Wroclaw"]
[Date "2018.09.14"]
[Round "4"]
[White "Heberla, Bartlomiej"]
[Black "Murdzia, Piotr"]
[Result "1/2-1/2"]
[WhiteElo "2569"]
[BlackElo "2414"]
[Annotator "TA"]
[PlyCount "155"]
[EventDate "2018.06.08"]
[EventType "team-tourn"]
[EventCountry "POL"]
[SourceTitle "playchess.com"]
[Source "ChessBase"]
[SourceQuality "1"]

{[%evp 22,155,0,0,10,0,12,9,22,27,15,29,30,34,31,28,42,15,15,18,27,17,18,14,21,0,62,62,59,50,49,0,0,0,0,0,0,0,0,0,10,0,0,0,0,0,0,0,0,0,0,0,0,0,116,116,116,116,116,5,5,10,8,12,116,8,21,8,7,8,116,8,8,14,116,116,116,116,116,116,116,117,117,0,0,0,0,0,0,0,5,5,8,14,0,10,69,91,116,110,110,116,116,116,5700,5600,5351,6709,6621,6111,6091,5192,3591,2997,1085,1110,3669,187,854,158,158,3,3,0,0,0,4,0,0,0,0,0,0,0,0,0]} 1. d4 Nf6 2. c4 g6 3. Nc3 d5 4. cxd5 Nxd5 5. e4 Nxc3 6. bxc3 Bg7 7. Qa4+ Nd7 8. Nf3 O-O 9. Be2 c5 10. O-O {D85: Exchange Grünfeld: Unusual White 7th moves and lines with 7 Nf3} Nb6 11. Qd1 Bg4 12. Be3 {LiveBook: 3 Games} Rc8 13. Rb1 cxd4 14. cxd4 Nc4 15. Bxc4 Rxc4 {[#]} 16. Rxb7 $146 ({Predecessor:} 16. Qb3 Rc7 17. Bf4 Rc8 {1-0 (47) Krasenkow,M (2627)-Krzyzanowski,M (2457) Poland 2017}) 16... Bxf3 $1 17. Qxf3 Bxd4 18. Qe2 Ra4 19. Qc2 Qa5 20. Bxd4 ({Much worse is} 20. Rxe7 Bxe3 21. fxe3 Rxa2 $17) 20... Rxd4 21. Rxe7 Ra4 22. Ra1 Qb4 23. Rb1 (23. Re5 {is more complex.} Qd4 24. Re1 Rb8 25. Rd5 Qc4 26. Qxc4 Rxc4 27. g3) 23... Rxa2 ({Better is} 23... Qa5 $11) 24. Rxb4 $14 Rxc2 $11 {[%cal Rc2c1][%mdl 4096] Endgame KRR-KRR} 25. g3 a5 26. Rbb7 Rcc8 27. Ra7 Rce8 $1 28. Rxe8 (28. Reb7 {feels hotter.} Rxe4 29. Rxa5 Rd4 30. Kg2 h5 31. Ra3) 28... Rxe8 {KR-KR} 29. f3 Re5 30. Kf2 g5 31. h4 h6 32. Kg2 gxh4 33. gxh4 f5 34. exf5 Rxf5 35. Kg3 Rb5 36. f4 h5 37. Kf3 Rb1 (37... Rb3+ $11 {remains equal.} 38. Ke4 Rh3) 38. Rxa5 $16 Rf1+ 39. Ke4 Kg7 40. Kf5 (40. Rxh5 $16 {White wants to play Rb5.} Kg6 41. Rc5) 40... Rh1 41. Ra7+ Kh6 42. Ra6+ Kg7 43. Kg5 {Black must now prevent Ra7+.} Rg1+ $1 44. Kxh5 Kf7 45. Rb6 {Black should prevent Ra6.} Kg7 (45... Rg2 $11) 46. Rb5 (46. Re6 $1 $16) 46... Kf6 $11 47. Rg5 Rf1 (47... Rc1 $11 {keeps the balance.}) 48. Kg4 $16 Rg1+ 49. Kf3 Rf1+ 50. Kg3 $1 Rg1+ 51. Kf2 $1 {[%cal Rf2g1]} Rh1 52. Kg3 ({Only move:} 52. h5 $1 $16) 52... Rg1+ $1 $11 53. Kf3 Rf1+ $1 54. Kg4 Rg1+ 55. Kh5 Rf1 $1 56. Rg6+ Kf7 57. Rg4 {Strongly threatening Kg5.} Kf6 58. Kh6 Rh1 (58... Rf2 $11) 59. h5 $14 Rh2 60. Rg6+ Kf5 61. Rg5+ Kf6 62. Ra5 Rh4 $2 {[%mdl 8192] [#]} (62... Rb2 $16 63. Ra6+ Kf5) 63. Ra6+ $1 $18 Kf7 64. Kg5 Rh1 65. Ra7+ Kg8 66. f5 Rb1 67. Kg6 {White threatens Ra8+ and mate.} Rg1+ 68. Kf6 Rb1 69. h6 $2 (69. Rg7+ Kf8 70. h6) 69... Rh1 $2 {[#]} (69... Rb2 70. Rg7+ Kh8) 70. Ra8+ $2 (70. Rg7+ $1 $18 {and the rest is easy.} Kf8 71. Kg6 Rg1+ 72. Kh7) 70... Kh7 $16 71. Kf7 $2 ({White should try} 71. Ra3 $16) 71... Rb1 $1 $11 {The position is equal.} 72. f6 {Kf8 is the strong threat.} Rb7+ 73. Kf8 {Hoping for f7.} Kg6 74. Kg8 Kxf6 75. Ra6+ Kg5 76. h7 Rb8+ 77. Kf7 Rb7+ 78. Kg8 {Precision: White = 54%, Black = 51%.} 1/2-1/2

[Event "POL-chT Ekstraliga 2018"]
[Site "Wroclaw"]
[Date "2018.09.14"]
[Round "4"]
[White "Michalik, Peter"]
[Black "Leniart, Arkadiusz"]
[Result "1-0"]
[WhiteElo "2556"]
[BlackElo "2494"]
[Annotator "RC"]
[PlyCount "81"]
[EventDate "2018.06.08"]
[EventType "team-tourn"]
[EventCountry "POL"]
[SourceTitle "playchess.com"]
[Source "ChessBase"]
[SourceQuality "1"]
[TimeControl "40/5400+30:1800+30"]

1. e4 {[%emt 0:00:00]} e5 {[%emt 0:00:22]} 2. Nf3 {[%emt 0:00:00]} Nc6 {[%emt 0:00:03]} 3. Bc4 {[%emt 0:00:00]} Nf6 {[%emt 0:00:10]} 4. d3 {[%emt 0:00:00]} Be7 {[%emt 0:01:25]} 5. O-O {[%emt 0:00:12]} O-O {[%emt 0:01:02]} 6. Re1 {[%emt 0:01:11]} d6 {[%emt 0:00:42]} 7. a4 {[%emt 0:04:59]} Na5 {[%emt 0:04:44]} 8. Ba2 {[%emt 0:00:10]} c5 {[%emt 0:00:05]} 9. c3 {[%emt 0:04:08]} Nc6 {[%emt 0:01:48]} 10. Nbd2 {[%emt 0:04:39]} Be6 {[%emt 0:04:03]} 11. Bxe6 {[%emt 0:06:21]} fxe6 {[%emt 0:00:03]} 12. Nf1 {[%emt 0:00:09]} Ne8 {[%emt 0:06:12]} 13. Rb1 {[%emt 0:05:55]} Nc7 {[%emt 0:03:22]} 14. Be3 {[%emt 0:04:51]} d5 {[%emt 0:08:58]} 15. Ng3 {[%emt 0:08:09]} d4 {[%emt 0:13:45]} 16. Bd2 {[%emt 0:00:47]} Rb8 {[%emt 0:08:01]} 17. h3 {[%emt 0:04:16]} Qd7 {[%emt 0:08:23]} 18. Qe2 {[%emt 0:16:57]} b5 {[%emt 0:09:59]} 19. axb5 {[%emt 0:03:47]} Rxb5 {[%emt 0:00:06]} 20. c4 {[%emt 0:02:00]} Rb3 {[%emt 0:00:56]} 21. Red1 {[%emt 0:02:22]} Rfb8 {[%emt 0:01:01]} 22. Bc1 {[%emt 0:00:24]} Bd6 {[%emt 0:06:24]} 23. Ra1 {[%emt 0:00:19]} R3b6 {[%emt 0:01:54]} 24. h4 {[%emt 0:03:13]} Ra6 {[%emt 0:02:35]} 25. Rxa6 {[%emt 0:02:38]} Nxa6 {[%emt 0:00:06]} 26. h5 {[%emt 0:00:11]} Na5 {[%emt 0:03:57]} 27. h6 {[%emt 0:01:04]} g6 {[%emt 0:00:23]} 28. Nf1 {[%emt 0:00:49]} Nb4 {[%emt 0:04:02]} 29. N1h2 {[%emt 0:01:58]} Nb3 {[%emt 0:03:06]} 30. Bg5 {[%emt 0:03:42]} Qc7 {[%emt 0:02:10]} 31. Ng4 {[%emt 0:00:30]} Nc6 {[%emt 0:00:52]} 32. Bf6 {[%emt 0:00:15]} a5 {[%emt 0:00:55]} 33. Bg7 {[%emt 0:00:24]} Be7 {[%emt 0:01:08]} 34. Nfxe5 {[%emt 0:01:54]} a4 {[%emt 0:02:13]} 35. Qf3 {[%emt 0:01:55]} Bg5 {[%emt 0:01:08]} 36. Nxc6 {[%emt 0:08:17]} Qxc6 {[%emt 0:00:07]} 37. Qg3 {[%emt 0:00:04]} Qb6 {[%emt 0:00:57]} 38. Bf6 {[%emt 0:00:14]} Bc1 {[%emt 0:00:43]} 39. Be5 {[%emt 0:03:24]} Rb7 {[%emt 0:00:40]} 40. Qf3 {[%emt 0:00:00]} Bg5 {[%emt 0:00:00]} 41. Nf6+ {[%emt 0:03:12]} 1-0

[Event "POL-chT Ekstraliga 2018"]
[Site "Wroclaw"]
[Date "2018.09.14"]
[Round "4"]
[White "Olszewski, Michal"]
[Black "Piesik, Piotr"]
[Result "1-0"]
[WhiteElo "2529"]
[BlackElo "2353"]
[Annotator "TA"]
[PlyCount "87"]
[EventDate "2018.06.08"]
[EventType "team-tourn"]
[EventCountry "POL"]
[SourceTitle "playchess.com"]
[Source "ChessBase"]
[SourceQuality "1"]

{[%evp 18,87,31,27,53,34,43,43,51,51,78,75,72,80,126,115,130,122,136,123,112,103,116,118,115,93,154,135,130,92,107,102,93,89,104,99,108,100,175,160,161,161,161,140,133,141,144,133,133,129,125,120,146,108,218,200,195,199,1717,1631,29973,29974,12841,541,29992,0,12841,12841,12840,12840,29992,29993]} 1. e4 e5 2. Nf3 Nc6 3. Bb5 {[%cal Bf1b5,Bb5a4,Ba4b3][%mdl 32]} a6 4. Ba4 Nf6 5. O-O b5 6. Bb3 Be7 7. Re1 d6 8. a4 Bg4 9. c3 O-O 10. h3 {LiveBook: 123 Games. C90: Closed Ruy Lopez with 7...d6: Early deviations} (10. d3 Na5 11. Ba2 c5 12. Nbd2 h6 13. h3 Bd7 14. Nh4 Re8 15. Ng6 bxa4 16. Nxe7+ Qxe7 17. Bb1 c4 18. Nxc4 Nxc4 19. dxc4 Rec8 20. Bc2 Rxc4 21. Bxa4 Bxa4 22. Rxa4 Rxa4 23. Qxa4 Qb7 24. Qc2 {½-½ (24) Predke,A (2595)-Piorun,K (2659) Moscow 2018}) 10... Be6 11. d4 $146 {Threatens to win with d5.} ({Predecessor:} 11. Bxe6 fxe6 12. axb5 axb5 13. Rxa8 Qxa8 14. Qb3 Nd8 15. Qxb5 Nxe4 16. Qe2 Ng5 17. Nh2 Rf6 {1-0 (50) Jeran,B (2153)-Kolaric,S (1827) Ljubljana 2007}) 11... Bxb3 12. Qxb3 {White is slightly better.} Na5 13. Qc2 Nd7 14. Na3 exd4 15. Nxd4 c5 16. Nf5 b4 17. cxb4 cxb4 18. Bd2 $1 {[%cal Rd2b4]} bxa3 19. Bxa5 $1 Qxa5 20. Nxe7+ Kh8 21. Nc6 Qb6 (21... Rac8 $142 22. Nxa5 Rxc2 23. bxa3 (23. Rxa3 Rxb2 24. Rd3 Ne5 $16) 23... Nc5) 22. Rxa3 $16 Nc5 23. b4 Qxc6 24. bxc5 dxc5 25. Rc3 Rfc8 26. Rc1 {[%cal Rc3c5]} Qe8 27. Rd1 Ra7 (27... Rc7 $16) 28. Rxc5 $18 Rxc5 29. Qxc5 {[%mdl 4096] Endgame KQR-KQR} Ra8 30. Qd5 h6 31. e5 Rc8 32. Rd4 Qe7 33. Qd6 Qa7 34. Kh2 Kh7 35. Rf4 a5 (35... Re8 $16 {was necessary.} 36. Qd3+ Kg8) 36. Qd5 $1 Rc5 37. Qe4+ Kg8 $2 (37... g6 38. Qd4 Rc7 39. Qxa7 Rxa7) 38. e6 fxe6 39. Qxe6+ Kh7 40. Qe4+ (40. Rf8 $142 {Threatening mate with Qe8.} Qc7+ 41. f4) 40... Kg8 {[#]} 41. Qe6+ (41. Qe8+ $142 $1 Kh7 42. Rf8 Qb8+ 43. Qxb8 h5 44. Rh8+ Kg6 45. Qd6+ Kf5 46. Rf8+ Kg5 {[#]} 47. h4+ $1 {[%mdl 512]} Kxh4 48. Qg3#) 41... Kh7 42. Rf8 {Qe8 would kill now.} Qc7+ 43. f4 {White wants to mate with Qe8.} Rc6 44. Qe8 {Precision: White = 65%, Black = 48%.} 1-0

[Event "POL-chT Ekstraliga 2018"]
[Site "Wroclaw"]
[Date "2018.09.14"]
[Round "4"]
[White "Tazbir, Marcin"]
[Black "Brodowski, Piotr"]
[Result "1-0"]
[WhiteElo "2525"]
[BlackElo "2437"]
[Annotator "TA"]
[PlyCount "65"]
[EventDate "2018.06.08"]
[EventType "team-tourn"]
[EventCountry "POL"]
[SourceTitle "playchess.com"]
[Source "ChessBase"]
[SourceQuality "1"]

{[%evp 22,65,7,-1,69,87,79,79,77,69,102,46,64,52,184,154,151,156,191,187,245,195,204,137,162,163,233,239,399,406,370,441,806,796,2416,2396,2393,1166,2393,2135,29990,29991,29991,29992,29992,29993]} 1. e4 c5 2. Nf3 Nc6 3. d4 cxd4 4. Nxd4 Nf6 5. Nc3 e5 6. Ndb5 {[%cal Bd4b5,Bb5a3,Ba3c2,Bc2e3,Be3d5][%mdl 32]} d6 7. Bg5 a6 8. Na3 b5 {[%cal Bb7b5,Bb5b4,Bb4b3][%mdl 32]} 9. Nd5 Be7 10. Bxf6 Bxf6 11. c4 b4 {B33: Sizilianisch (Lasker/Pelikan/Sweschnikow-Variante)} 12. Nc2 {LiveBook: 1334 Partien} Be6 $146 (12... a5 $11) ({Vorgänger:} 12... O-O 13. g3 Bg5 14. Bg2 a5 15. O-O Ne7 16. Nce3 Bxe3 17. Nxe3 Be6 18. Rc1 Nc6 19. Nf5 {1-0 (54) Harikrishna,P (2744)-Yu,Y (2751) Huaian 2017}) 13. Nxf6+ $14 gxf6 {Weiß steht besser.} 14. Bd3 Qb6 15. O-O Ke7 16. Kh1 (16. Ne3 $16) 16... b3 $1 {[%cal Rb3c2]} 17. Ne3 Rhb8 (17... bxa2 $14 18. Rxa2 Rhb8) 18. Nd5+ Bxd5 19. exd5 Nd4 20. a3 h5 (20... Nc2 $142) 21. Qd2 (21. Qxh5 Rh8 $11) 21... Nc2 22. Rad1 Ra7 23. Qh6 Rg8 (23... Raa8 $142 24. Qxh5 Rh8) 24. Qh7 $18 ({Jedoch nicht} 24. Qxh5 $6 Raa8 $16) 24... Rg4 $2 {[#]} (24... Kf8 {ist eine bessere Verteidigung.} 25. Qxh5 (25. Bxc2 bxc2 26. Qxc2 Rc7 $16) 25... Qd8 26. Bxc2 bxc2) 25. h3 Rf4 {Falls Schwarz jetzt zu ...Ta8 käme, bestünde noch etwas Hoffnung.} 26. Bg6 Qc5 (26... Kd8 $142 27. Qg8+ (27. Bxf7 Rd7 $18) 27... Kc7) 27. Rd3 Rxf2 28. Qxf7+ Kd8 29. Qe8+ Kc7 30. Rxf2 Qxf2 31. Qc6+ {Weiß setzt Matt.} Kd8 32. Qxd6+ Kc8 33. Qf8+ {Precision: Weiß = 87%, Schwarz = 38%.} 1-0

[Event "POL-chT Ekstraliga 2018"]
[Site "Wroclaw"]
[Date "2018.09.14"]
[Round "4"]
[White "Antoniewski, Rafal"]
[Black "Navara, David"]
[Result "1/2-1/2"]
[WhiteElo "2521"]
[BlackElo "2727"]
[Annotator "TA"]
[PlyCount "65"]
[EventDate "2018.06.08"]
[EventType "team-tourn"]
[EventCountry "POL"]
[SourceTitle "playchess.com"]
[Source "ChessBase"]
[SourceQuality "1"]

{[%evp 29,65,14,15,10,6,11,15,15,8,14,10,0,8,8,6,6,8,10,27,20,22,8,8,6,12,1,6,0,0,1,0,0,0,0,0,0,0,0]} 1. Nf3 d5 2. d4 Nf6 3. c4 e6 4. Nc3 c6 5. e3 Nbd7 6. Qc2 Bd6 7. Bd3 O-O 8. O-O dxc4 9. Bxc4 b5 10. Bd3 Bb7 11. a3 a5 12. e4 {D46: Semi-Slav: 5 e3 Nbd7 6 Bd3, Black avoids the Meran} e5 13. dxe5 Nxe5 14. Nxe5 Bxe5 15. h3 Ba6 {LiveBook: 9 Games} 16. Rd1 Qe7 17. Be3 b4 {[#] Hoping for ...Bxd3.} 18. Na4 {Strongly threatening Bxa6.} Bxd3 19. Rxd3 Nxe4 {[#]} 20. Qxc6 $146 ({Predecessor:} 20. Rad1 Rfe8 21. axb4 axb4 22. Qxc6 Rab8 23. Rd7 Qh4 24. Qc4 Qf6 25. Nc5 Nxc5 26. Bxc5 Bxb2 {½-½ (26) Almiron,L (2550)-Ljubicic,L (2597) ICCF email 2015}) 20... Rac8 21. Qa6 ({Not} 21. Qxe4 $2 Bh2+ 22. Kxh2 Qxe4 $19) 21... Rc2 22. Qxa5 bxa3 23. Rdxa3 Bxb2 (23... Qd6 {with more complications.} 24. Nc3 Nxc3 25. bxc3 Rd8 26. g3 h6) 24. Nxb2 Rxb2 {The position is equal.} 25. R3a2 Rxa2 26. Qxa2 h6 27. Re1 Re8 28. f3 {[#] Black must now prevent Bf2.} Nf6 29. Bf2 Qd7 30. Rxe8+ Qxe8 31. Qd2 Qd7 32. Qxd7 Nxd7 33. Bd4 {Precision: White = 54%, Black = 67%.} 1/2-1/2

[Event "POL-chT Ekstraliga 2018"]
[Site "Wroclaw"]
[Date "2018.09.14"]
[Round "4"]
[White "Kantans, Toms"]
[Black "Tomaszewski, Roman"]
[Result "1-0"]
[WhiteElo "2509"]
[BlackElo "2265"]
[Annotator "TA"]
[PlyCount "133"]
[EventDate "2018.06.08"]
[EventType "team-tourn"]
[EventCountry "POL"]
[SourceTitle "playchess.com"]
[Source "ChessBase"]
[SourceQuality "1"]

{[%evp 21,133,25,24,-87,15,12,15,12,22,19,31,31,29,20,27,26,33,36,35,34,30,28,39,37,45,49,68,56,63,35,39,33,31,37,41,39,89,81,73,85,83,0,87,43,81,-68,64,0,0,0,0,0,0,-6,0,0,0,0,0,0,72,-4,47,31,102,0,0,0,14,0,0,0,0,0,0,0,126,0,0,0,0,0,175,175,174,177,243,227,1414,1734,4133,4887,5097,5125,5103,5108,3056,1252,3867,2821,1849,1818,29965,29967,29966,29968,29968,29969,29968,29969,29966,12530,7603,7092]} 1. e4 {[%cal Be2e4,Be4e5][%mdl 32]} Nf6 2. e5 Nd5 3. d4 d6 4. c4 Nb6 5. exd6 exd6 6. Nc3 Be7 7. h3 O-O 8. Nf3 Bf6 9. Be2 {B03: Alekhine's Defence: Four Pawns Attack} Be6 (9... Re8 10. O-O Nc6 11. b3 Bf5 12. Be3 Qd7 13. Rc1 h6 14. d5 Ne5 15. Nd4 Bh7 16. Re1 g5 17. Qd2 Bg7 18. f4 gxf4 19. Bxf4 Qf5 20. Nxf5 {1-0 (20) Borisek,J (2576)-Hjartarson,J (2536) chess.com INT 2018}) 10. b3 d5 11. c5 N6d7 {[%cal Bb6d7,Bd7f8,Bf8g6][%mdl 32] LiveBook: 7 Games} 12. Qd3 (12. O-O $11) 12... Nc6 (12... Nxc5 $1 $17 13. dxc5 Bf5) 13. O-O $11 Re8 14. Bf4 Nf8 15. Rad1 Ng6 16. Bg3 a6 17. b4 $146 Qd7 18. Qb1 Bf5 19. Qb3 Rad8 20. b5 axb5 21. Bxb5 {aiming for Ba4.} Nge7 22. Rfe1 Qc8 23. Ba4 Rf8 24. Nb5 Rd7 25. Be5 Bxe5 26. dxe5 Rdd8 27. Nbd4 Nxd4 28. Rxd4 (28. Nxd4 {feels hotter.} c6 29. g4 Be4 30. f3 Bg6 31. Qe3) 28... c6 29. Rb4 Rd7 30. Nd4 Bg6 31. h4 (31. g4 $16) 31... h6 (31... Nf5 $11) 32. Qd1 Nf5 33. h5 (33. Nf3 $1 $16) 33... Bh7 (33... Nxd4 $15 34. hxg6 Ne6) 34. Bc2 (34. Nf3 $14) 34... Nxd4 35. Bxh7+ Kxh7 36. Qxd4 Kg8 37. Re3 Re7 38. Qb2 Rfe8 39. Rf4 Qc7 {[%cal Re7e5]} 40. Rg4 Re6 (40... Kh8 $11) 41. f4 ({White should try} 41. Reg3 $16 Kh8 42. Rxg7 Qxe5 43. Qxe5 Rxe5 44. Rxf7) 41... f5 (41... Kh8 $11) 42. Rg6 Qf7 (42... Rxg6 $14 43. hxg6 Qe7) 43. Reg3 (43. a4 $16) 43... Rxg6 44. Rxg6 {[%mdl 4096] Endgame KQR-KQR} Qe7 45. Qf2 Ra8 46. Rd6 Ra4 47. Kh2 Qf7 48. Qh4 Re4 ({Wrong is} 48... Rxa2 $2 49. e6 $18) (48... Kh7 $11) 49. a4 (49. Qd8+ $1 $16 Kh7 50. Rg6) 49... Kh7 50. a5 {[%cal Ba4a5,Ba5a6,Ba6a7][%mdl 32]} Qe8 51. Kg1 Qxe5 $2 (51... d4 $11 {and Black has nothing to worry.}) 52. fxe5 $18 {White wants to mate with Qe7.} Rxh4 $11 {[#] KR-KR} 53. Rd7 $1 Re4 (53... d4 {was worth a try.}) 54. Rxb7 $18 Rxe5 $2 (54... d4) 55. a6 Re1+ 56. Kf2 Ra1 57. a7 Ra3 58. g3 Ra2+ 59. Ke3 (59. Kf3 $142 Ra4 {[#]} 60. g4 $1 {[%mdl 512]} fxg4+ 61. Kg3) 59... Ra4 60. Rd7 Ra1 61. Kf4 d4 62. Kf3 Ra2 63. Rb7 Ra3+ 64. Ke2 Re3+ 65. Kd2 Ra3 66. Rd7 d3 67. Rb7 {Precision: White = 61%, Black = 23%.} 1-0

[Event "POL-chT Ekstraliga 2018"]
[Site "Wroclaw"]
[Date "2018.09.14"]
[Round "4"]
[White "Matuszewski, Michal"]
[Black "Dziuba, Marcin"]
[Result "1-0"]
[WhiteElo "2505"]
[BlackElo "2577"]
[Annotator "TA"]
[PlyCount "105"]
[EventDate "2018.06.08"]
[EventType "team-tourn"]
[EventCountry "POL"]
[SourceTitle "playchess.com"]
[Source "ChessBase"]
[SourceQuality "1"]

{[%evp 9,105,0,0,0,0,0,0,0,0,0,8,13,12,4,25,0,0,-6,-1,0,-22,-12,0,0,37,27,54,59,108,100,86,99,133,84,172,43,81,56,78,54,56,72,88,72,79,85,247,237,246,266,241,179,353,325,358,334,404,345,412,291,458,451,615,273,474,476,517,462,456,275,302,302,295,287,289,289,289,266,273,275,771,673,1234,1164,969,970,970,929,954,941,928,920,896,886,29979,29980,29980,29981]} 1. d4 d5 2. Bf4 Nf6 3. e3 c5 4. dxc5 (4. Nd2 Nc6 5. Ngf3 e6 6. c3 Be7 7. Ne5 O-O 8. Bd3 Bd6 9. Ndf3 Qc7 10. h4 Ne4 11. Qc2 f6 12. Nxc6 Bxf4 13. exf4 Qxc6 14. dxc5 f5 15. b4 Qc7 16. Ne5 {0-1 (34) Wei,Y (2729)-So,W (2780) chess.com INT 2018}) 4... e6 5. b4 a5 6. c3 {D00: 1 d4 d5: Unusual lines} Bd7 7. Nd2 axb4 8. cxb4 {The position is equal.} b6 9. cxb6 Qxb6 $146 ({Predecessor:} 9... Bxb4 10. Bc7 Qe7 11. Ngf3 O-O {½-½ (19) Tang,A (2507)-Dean,J (2208) Middleton 2018}) 10. a3 Ba4 11. Qb1 Nbd7 12. Ngf3 g6 13. Bg5 Bg7 14. Ra2 O-O 15. Bd3 e5 16. e4 {[%cal Be3e4,Be4f5][%mdl 32]} Ng4 {[%csl Gg4][%cal Rb6f2]} 17. O-O h6 18. Bh4 g5 19. Bg3 f5 20. exf5 (20. exd5 e4 $11) 20... Rae8 21. Be2 Ndf6 (21... e4 $16) 22. Bd1 ({Only move:} 22. Nb3 $1 $18) 22... Bb5 23. a4 $1 {[%cal Ra4b5]} Bxf1 24. Nxf1 e4 25. a5 $36 {[%mdl 2048] Black is under strong pressure.} Qa7 26. h3 exf3 27. hxg4 fxg2 $2 (27... Re1 $16 {is a better defense.} 28. Qd3 Ne4) 28. Kxg2 $18 Ne4 29. Qd3 Nc3 30. Rc2 d4 $2 (30... Nxd1 {was called for.} 31. Qxd1 Qa8) 31. Bf3 Qe7 32. Rb2 Qa7 33. Nd2 Kh8 34. Bd6 Rg8 (34... Rf6 $142) 35. Nc4 Qd7 {[#]} 36. Bg3 (36. b5 $142 $1 {[%mdl 512]}) 36... Re1 $2 {[#]} (36... Qb5 37. Rd2 Re1) 37. b5 $1 {[%mdl 512]} h5 (37... Nxb5 38. Nb6) 38. Qd2 hxg4 39. Bc6 ({Less strong is} 39. Qxe1 gxf3+ 40. Kxf3 Qxf5+ 41. Kg2 Qd5+ 42. f3 Rf8 $18) 39... Qe7 {[#] ...Rd1 is the strong threat.} 40. Bd6 $1 {[%cal Rd6e7]} Qe2 41. Qxe2 Nxe2 42. b6 d3 43. a6 Bxb2 44. Nxb2 d2 $2 (44... Nf4+ 45. Bxf4 gxf4) 45. a7 {And now b7 would win.} Rb1 46. Ba4 Nf4+ 47. Bxf4 gxf4 48. b7 Rxb2 49. a8=Q {Hoping for f6.} g3 50. Bd1 f3+ 51. Kg1 {Strongly threatening Qa1.} Kh7 52. fxg3 Rxg3+ 53. Kf2 {Precision: White = 69%, Black = 36%.} 1-0

[Event "POL-chT Ekstraliga 2018"]
[Site "Wroclaw"]
[Date "2018.09.14"]
[Round "4"]
[White "Simacek, Pavel"]
[Black "Krasenkow, Michal"]
[Result "1-0"]
[WhiteElo "2501"]
[BlackElo "2631"]
[Annotator "TA"]
[PlyCount "125"]
[EventDate "2018.06.08"]
[EventType "team-tourn"]
[EventCountry "POL"]
[SourceTitle "playchess.com"]
[Source "ChessBase"]
[SourceQuality "1"]

{[%evp 14,125,64,43,41,41,42,35,54,30,40,24,51,23,22,16,3,0,0,-11,14,24,11,0,0,-8,11,0,-7,-7,-14,-29,-29,-50,-26,-93,-43,-40,0,0,0,0,0,0,0,0,0,0,0,0,0,0,0,-27,-34,-46,-55,-47,-56,-52,-33,-182,-166,-106,-100,-100,-100,-100,-100,-108,-47,-51,-22,-29,-18,-32,-18,-30,0,0,0,0,13,0,142,41,50,0,0,0,0,0,12834,12835,12839,12839,12839,12840,12840,12837,12838,12838,12839,12839,12837,12837,12840,12841,12844,12844,12844,12845,12845,12845]} 1. e4 g6 2. d4 Bg7 3. Nc3 c6 4. Nf3 d6 5. Be3 Nf6 6. h3 O-O 7. a4 a5 8. Bd3 {LiveBook: 4 Games. B08: Pirc Defence: Classical System} Na6 (8... Qc7 9. O-O e5 10. Re1 Re8 11. Bc4 exd4 12. Bxd4 Nbd7 13. Ng5 Re7 14. Ba2 h6 15. Nf3 Re8 {½-½ (87) Zhigalko,S (2641)-Andriasian,Z (2585) Riadh 2017}) 9. O-O Nb4 10. Qd2 {White is slightly better.} Qc7 11. Bh6 e5 12. Rad1 $146 ({Predecessor:} 12. Ne2 Re8 13. Bxg7 Kxg7 14. Ng3 exd4 15. Nxd4 d5 16. Rae1 dxe4 17. Bxe4 {½-½ (24) Kristiansen,J (2445)-Lawton,G (2380) Copenhagen 1983}) 12... b6 13. Bxg7 Kxg7 14. Ne2 d5 15. dxe5 Nxe4 16. Qf4 Qe7 17. Bxe4 dxe4 18. Nfd4 Re8 {[%cal Bf8e8,Be8e5,Be5e4][%mdl 32]} 19. c3 $132 {[%mdl 2048] White is not keeping still} Nd5 (19... Nd3 $5 {[%cal Rd3f4]} 20. Qxe4 Nxe5 $11) 20. Qxe4 Qxe5 21. Qxe5+ Rxe5 22. Nc1 Nf4 23. h4 c5 24. Nf3 (24. Nb5 $1 $11 {remains equal.}) 24... Re4 25. Rd6 $1 Rxa4 26. g3 $1 Ne6 27. Rxb6 Ra1 28. Nb3 Rxf1+ 29. Kxf1 a4 30. Nbd2 a3 31. bxa3 Rxa3 32. Rb3 Ba6+ 33. Kg2 (33. Ke1 $5 {[%cal Rb3a3]} Ra4 34. Ng5 $15) 33... Ra2 34. Rb6 Bd3 35. Rd6 c4 36. Rc6 Rc2 37. Nxc4 (37. Rc8 $15) 37... Be4 $19 38. Ne3 Nd4 ({Much worse is} 38... Bxc6 $6 39. Nxc2 Bb7 40. Nce1 $11) 39. Rxg6+ fxg6 40. cxd4 $17 {[%mdl 4096] Endgame KRB-KNN} Rc8 41. Nf1 Rc3 ({Black should try} 41... Rd8 $17 {Strongly threatening ...Rxd4.} 42. N1d2 Rxd4 43. Nxe4 Rxe4) 42. N1d2 $1 $15 {[%cal Rd2e4]} Bc6 {[%mdl 1024] Black has compensation.} 43. g4 h6 {[%cal Bh7h6,Bh6h5][%mdl 32]} 44. g5 $1 h5 45. Kg3 Kf7 46. Kf4 Ke6 47. Ne5 Kd5 48. Ne4 Rc2 (48... Rh3 $1 $11 {keeps the balance.} 49. Nxg6 Kxd4) 49. Ke3 $16 ({Not} 49. Nxg6 Kxd4 50. f3 Bxe4 $11) 49... Ke6 50. Nxg6 {Hoping for Nf4+.} (50. f3 $5 {[%cal Re5g6]}) 50... Bxe4 $1 51. Kxe4 Rxf2 $14 {KR-KN} 52. Nf4+ Kf7 $2 {[%mdl 8192] [#]} (52... Ke7 $11) 53. Kf5 $1 $18 {White is clearly winning.} Rh2 54. g6+ Kg8 55. d5 Rd2 56. Kf6 Rd1 57. Ke5 Re1+ 58. Kf5 Rd1 {[#]} 59. Kf6 $1 {[%cal Rf6e5]} Kf8 60. Kg5 Ke7 61. Kh6 Rg1 62. Ne6 Kf6 63. g7 {Precision: White = 61%, Black = 54%.} 1-0